000 00485nam a2200181Ia 4500
001 11542
005 20260306162835.0
008 260306t1983||||xx |||||||||||||| ||spa||
041 _aESP
082 _a985.072
_bP78
100 _aPortocarrero Maisch, Gonzalo
_eAUT
245 0 _aDe Bustamante a Odría:
_bel fracaso del frente democrático nacional 1945-1950
260 _c1983
300 _a251 páginas :
_c21cm.
650 _aGEN
654 _aCHU
942 _cLIB
_dJUS
_fJUS
_2ddc
_n
999 _c11542
_d11542